| 000 | 01679nam a2200301 a 4500 | ||
|---|---|---|---|
| 001 | 000004148 | ||
| 003 | DO-SdBNP | ||
| 005 | 20240925174100.0 | ||
| 007 | ta | ||
| 008 | 090717e2006 dr ao gr 001 0dspa d | ||
| 020 | _a999342708X | ||
| 040 |
_aDO-SdBNP _bspa _cBNPHU |
||
| 082 | 4 |
_a972.93054 _bV422p _222 |
|
| 100 | 1 |
_aVega, Bernardo, _d1938 - _93222 |
|
| 245 | 1 | 3 |
_aEl peligro comunista en la revolución de abril : _b¿mito o realidad? / _cBernardo Vega. |
| 260 |
_aSanto Domingo : _bFundación Cultural Dominicana, _c2006. |
||
| 300 |
_a373 p. : _bil., fots. ; _c27 cm. |
||
| 500 | _aIncluye índice onomástico | ||
| 500 | _aIncluye datos biográficos del autor en la solapa de la cubierta | ||
| 500 | _aIncluye referencias bibliográficas y notas al pie de las páginas. | ||
| 504 | _aBibliografía : p. 343-347 | ||
| 505 |
_aIntroducción-- _gCapítulo 1-- _tPrevio a la revolución de abril-- _gCapítulo 2-- _t24 25 de abril de 1965. El inicio de la Guerra Civil-- _gCapítulo 3-- _t25 de abril de 1965. El día que Washington ordenó la evacuación de civiles-- _gCapítulo 4-- _t27 de abril de 1965. El día de la gran derrota-- _gCapítulo 5-- _t28 de abril de 1965. El día que se ordenó el desembarco de las tropas que estaban en los barcos-- _gCapítulo 6-- _t29 de abril. El día que se ordenó el envío de las tropas aerotransportada-- _gCapítulo 7-- _tDudas y luego propagandas-- _gCapítulo 8-- _tConclusiones-- _tNotas-- _tBibliografías-- _tAnexos. |
||
| 590 | _aInventariado 2022 / MF | ||
| 650 | 4 |
_aComunismo _92880 |
|
| 651 | 4 |
_aRepública Dominicana _xHistoria _yRevolución, 1965 _92167 |
|
| 910 | _aMFeliz/Valdado. Control de calidad MFF | ||
| 942 |
_2ddc _cLBS1 |
||
| 999 |
_c3964 _d3964 |
||